[Event "Oberliga Bayern 1819"]
[Site "Bayern"]
[Date "2019.02.24"]
[Round "7.4"]
[White "Schulz, Lukas"]
[Black "Klebel, Martin"]
[Result "0-1"]
[WhiteElo "2304"]
[BlackElo "2373"]
[PlyCount "122"]
[EventDate "2018.10.21"]
[EventType "team-tourn"]
[EventRounds "9"]
[EventCountry "GER"]
[SourceTitle "EXT 2020"]
[Source "ChessBase"]
[SourceDate "2019.10.17"]
[SourceVersion "1"]
[SourceVersionDate "2019.10.17"]
[SourceQuality "1"]
[WhiteTeam "Erlangen SC"]
[BlackTeam "Bayern Muenchen II"]
[WhiteTeamCountry "GER"]
[BlackTeamCountry "GER"]

1. e4 c5 2. Nf3 e6 3. Nc3 Nc6 4. d4 cxd4 5. Nxd4 Qc7 6. g4 Bb4 7. Bg2 Qe5 8. Be3 Nf6 9. 0-0 Bxc3 10. bxc3 h5 11. f4 Qc5 12. gxh5 Qxh5 13. Qxh5 Rxh5 14. Bf3 Nxd4 15. cxd4 Rh4 16. Kg2 d5 17. e5 Ng4 18. Bg1 Nh6 19. Bf2 Rxf4 20. Be3 Rh4 21. Bf2 Rf4 22. Be3 Rf5 23. h4 b6 24. Bxh6 gxh6 25. Bg4 Rxf1 26. Rxf1 Ba6 27. Rf2 Ke7 28. Bh5 Rg8+ 29. Kh2 Rg7 30. Rf6 Rh7 31. Kg3 Bb5 32. Kf2 Ba4 33. Rf3 Bxc2 34. Rc3 Be4 35. Rc7+ Kd8 36. Rxa7 Rg7 37. a4 Rg2+ 38. Ke1 Rg1+ 39. Ke2 Bg6 40. Bxg6 fxg6 41. Rb7 Ra1 42. Rxb6 Rxa4 43. Kd3 Ra3+ 44. Kc2 Kd7 45. Rb7+ Kd8 46. Rg7 Rh3 47. Rxg6 Rxh4 48. Kc3 Ke7 49. Rg7+ Kf8 50. Rg1 h5 51. Rd1 Kg7 52. Rf1 Rg4 53. Rf6 Rg6 54. Rf1 Kh6 55. Kb4 h4 56. Kc5 Kh5 57. Rh1 Rh6 58. Kd6 Kg4 59. Ke7 h3 60. Kf7 Kf5 61. Rf1+ Ke4 0-1

[Event "Oberliga Bayern 1819"]
[Site "Bayern"]
[Date "2019.02.03"]
[Round "6.4"]
[White "Klebel, Martin"]
[Black "Kostic, Vladimir G"]
[Result "1/2-1/2"]
[WhiteElo "2373"]
[BlackElo "2331"]
[PlyCount "83"]
[EventDate "2018.10.21"]
[EventType "team-tourn"]
[EventRounds "9"]
[EventCountry "GER"]
[SourceTitle "EXT 2020"]
[Source "ChessBase"]
[SourceDate "2019.10.17"]
[SourceVersion "1"]
[SourceVersionDate "2019.10.17"]
[SourceQuality "1"]
[WhiteTeam "Bayern Muenchen II"]
[BlackTeam "Muenchen Suedost"]
[WhiteTeamCountry "GER"]
[BlackTeamCountry "GER"]

1. d4 e6 2. c4 Bb4+ 3. Nd2 d5 4. a3 Be7 5. Ngf3 Nf6 6. e3 0-0 7. Bd3 b6 8. e4 dxe4 9. Nxe4 Nbd7 10. Qe2 Bb7 11. Neg5 c5 12. Be3 h6 13. h4 cxd4 14. Bxd4 Bxf3 15. Nxf3 Qc7 16. 0-0 Bc5 17. Bc3 Qf4 18. b4 Bd6 19. g3 Qg4 20. Rfe1 Rad8 21. Rad1 Bc7 22. Bc2 e5 23. Ba4 e4 24. Nd4 Qxe2 25. Rxe2 Ne5 26. Nb5 Bb8 27. Bxe5 Bxe5 28. Nxa7 Ra8 29. Nc6 Rxa4 30. Nxe5 Rxa3 31. Nd7 Rd3 32. Nxf6+ gxf6 33. Rxd3 exd3 34. Rd2 Rd8 35. c5 bxc5 36. bxc5 Kg7 37. c6 Rc8 38. Rxd3 Rxc6 39. Rd5 Re6 40. Kg2 Ra6 41. Kh3 Ra4 42. f4 1/2-1/2

[Event "Oberliga Bayern 1718"]
[Site "Bayern"]
[Date "2018.03.18"]
[Round "8.6"]
[White "Klebel, Martin"]
[Black "Hiermann, Dietmar"]
[Result "1-0"]
[WhiteElo "2369"]
[BlackElo "2285"]
[PlyCount "105"]
[EventDate "2017.10.22"]
[EventType "team-tourn"]
[EventRounds "9"]
[EventCountry "GER"]
[SourceTitle "EXT 2020"]
[Source "ChessBase"]
[SourceDate "2019.10.17"]
[SourceVersion "1"]
[SourceVersionDate "2019.10.17"]
[SourceQuality "1"]
[WhiteTeam "Bayern Muenchen II"]
[BlackTeam "Passau"]
[WhiteTeamCountry "GER"]
[BlackTeamCountry "GER"]

1. d4 d5 2. Nf3 Nf6 3. c4 e6 4. Nc3 Be7 5. Bf4 0-0 6. e3 c6 7. Bd3 dxc4 8. Bxc4 Nd5 9. 0-0 Nxf4 10. exf4 Nd7 11. Qe2 Nf6 12. Rfd1 Bd6 13. g3 b6 14. Ne5 Bb7 15. Bd3 g6 16. Ne4 Bxe5 17. fxe5 Nxe4 18. Bxe4 Rc8 19. h4 Rc7 20. Rac1 Qe7 21. Qe3 Rfc8 22. Rd3 Kg7 23. Rdc3 f5 24. exf6+ Qxf6 25. b4 e5 26. d5 Qd6 27. dxc6 Bxc6 28. Bxc6 Rxc6 29. Rxc6 Rxc6 30. Rxc6 Qxc6 31. Qxe5+ Kf7 32. b5 Qc2 33. Qd5+ Ke7 34. Kg2 h5 35. Qb7+ Ke6 36. a3 Qa4 37. Qc6+ Kf7 38. Qd7+ Kg8 39. Qd3 Kg7 40. f3 Kh7 41. Kf2 Kg7 42. Ke2 Kh7 43. Kd2 Qa5+ 44. Ke2 Qa4 45. Kf2 Kg7 46. Ke3 Kh6 47. f4 Qa5 48. Kf2 Kg7 49. Qd4+ Kf7 50. Qb4 Qxb4 51. axb4 Ke6 52. Kf3 Kf5 53. g4+ 1-0

[Event "Oberliga Bayern 1617"]
[Site "Bayern"]
[Date "2017.01.15"]
[Round "4.6"]
[White "Finster, Michael"]
[Black "Klebel, Martin"]
[Result "0-1"]
[WhiteElo "2067"]
[BlackElo "2300"]
[PlyCount "106"]
[EventDate "2016.10.16"]
[EventType "team-tourn"]
[EventRounds "9"]
[EventCountry "GER"]
[SourceTitle "EXT 2019"]
[Source "ChessBase"]
[SourceDate "2018.10.10"]
[SourceVersion "1"]
[SourceVersionDate "2018.10.10"]
[SourceQuality "1"]
[WhiteTeam "Herzogenaurach"]
[BlackTeam "Bayern Muenchen II"]
[WhiteTeamCountry "GER"]
[BlackTeamCountry "GER"]

1. e4 c5 2. Nf3 e6 3. b4 cxb4 4. d4 Nf6 5. Bd3 d5 6. Nbd2 Be7 7. e5 Nfd7 8. Nf1 Nc6 9. Ng3 f6 10. Qe2 0-0 11. exf6 Nxf6 12. Bb2 Qb6 13. 0-0 Bd7 14. Rad1 Rac8 15. Ng5 Rce8 16. Nh5 g6 17. Nxf6+ Rxf6 18. h4 h6 19. Nf3 Ref8 20. Ne5 Nxe5 21. Qxe5 Bd6 22. Qe3 Kg7 23. h5 gxh5 24. Qh3 Bb5 25. Qxh5 Bxd3 26. Rxd3 Qc7 27. c3 Qc4 28. Rh3 Bf4 29. cxb4 Qc2 30. Bc3 Qe4 31. Re1 Qc2 32. Rf1 Rg6 33. Re1 Qxa2 34. Rf3 Rf5 35. Qh3 Qc2 36. g3 Bd2 37. Rxf5 Bxe1 38. Bxe1 Qxf5 39. Qh4 Qf6 40. Qh1 Qxd4 41. Qf3 Qe4 42. Bc3+ e5 43. Qh5 d4 44. Bd2 Ra6 45. f3 Qd5 46. Kg2 Rf6 47. Kf2 Qe6 48. Ke2 e4 49. Bf4 Qc4+ 50. Kf2 e3+ 51. Kg2 Qc2+ 52. Kh1 Qf5 53. Qh2 Qb1+ 0-1

[Event "Oberliga Bayern 1314"]
[Site "Bayern"]
[Date "2014.02.09"]
[Round "6.4"]
[White "Lederle, Vitus"]
[Black "Klebel, Martin"]
[Result "1-0"]
[WhiteElo "2217"]
[BlackElo "2368"]
[PlyCount "69"]
[EventDate "2013.10.13"]
[EventType "team-tourn"]
[EventRounds "9"]
[EventCountry "GER"]
[SourceTitle "EXT 2015"]
[Source "ChessBase"]
[SourceDate "2014.11.20"]
[SourceVersion "1"]
[SourceVersionDate "2014.11.20"]
[SourceQuality "1"]
[WhiteTeam "Dillingen"]
[BlackTeam "Bayern Muenchen II"]
[WhiteTeamCountry "GER"]
[BlackTeamCountry "GER"]

1. d4 d5 2. Bf4 Nf6 3. Nf3 c5 4. Nc3 cxd4 5. Qxd4 Nc6 6. Qd2 Bf5 7. e3 e6 8. Bd3 Bxd3 9. Qxd3 Be7 10. h3 0-0 11. 0-0 Nb4 12. Qe2 Ne4 13. Nb5 a6 14. Nbd4 Rc8 15. c3 Nc6 16. Nxc6 Rxc6 17. Rfd1 b5 18. Ne5 Rc8 19. a4 f6 20. Nd3 Qb6 21. axb5 axb5 22. Ra2 Ra8 23. Rda1 Rxa2 24. Rxa2 Rc8 25. f3 Nd6 26. Kh2 Nc4 27. e4 e5 28. exd5 Qd6 29. Bg3 Qxd5 30. Ra7 Bc5 31. Nxc5 Qxc5 32. Bf2 Qd5 33. f4 Rd8 34. Qg4 g6 35. b3 1-0

[Event "BL2-Ost 1011"]
[Site "Germany"]
[Date "2011.04.10"]
[Round "9.3"]
[White "Hoffmann, Paul"]
[Black "Klebel, Martin"]
[Result "0-1"]
[WhiteElo "2372"]
[BlackElo "2366"]
[PlyCount "80"]
[EventDate "2010.10.10"]
[EventType "team-tourn"]
[EventRounds "9"]
[EventCountry "GER"]
[SourceTitle "EXT 2012"]
[Source "ChessBase"]
[SourceDate "2011.11.24"]
[SourceVersion "1"]
[SourceVersionDate "2011.11.24"]
[SourceQuality "1"]
[WhiteTeam "Dresden TU"]
[BlackTeam "Bayern Muenchen II"]
[WhiteTeamCountry "GER"]
[BlackTeamCountry "GER"]

1. e4 c5 2. Nf3 e6 3. d4 cxd4 4. Nxd4 Nc6 5. Nc3 Qc7 6. g3 a6 7. Bg2 Nf6 8. 0-0 d6 9. Nce2 Bd7 10. Re1 Be7 11. Nxc6 bxc6 12. c4 0-0 13. Nc3 Rad8 14. c5 dxc5 15. Qe2 Bc8 16. Be3 e5 17. h3 Qa5 18. Rac1 Be6 19. f4 Qb4 20. b3 exf4 21. gxf4 c4 22. f5 Bc8 23. Na4 cxb3 24. Rc4 Qb5 25. Nc3 Qe5 26. axb3 Rfe8 27. Rf1 a5 28. Bf4 Bc5+ 29. Kh1 Qe7 30. Na4 Bd4 31. Rxc6 Nxe4 32. Qxe4 Qxe4 33. Bxe4 Rxe4 34. Nc5 Re2 35. Rd1 Bxf5 36. Rc7 h6 37. Bg3 Bxh3 38. Re1 Bg2+ 39. Kh2 Rxe1 40. Bxe1 Be5+ 0-1

[Event "BL2-Sued 0607"]
[Site "Germany"]
[Date "2007.04.22"]
[Round "9.5"]
[White "Braeuning, Rudolf Wilhelm"]
[Black "Klebel, Martin"]
[Result "1-0"]
[WhiteElo "2310"]
[BlackElo "2375"]
[PlyCount "53"]
[EventDate "2006.10.15"]
[EventType "team-tourn"]
[EventRounds "9"]
[EventCountry "GER"]
[SourceTitle "EXT 2008"]
[Source "ChessBase"]
[SourceDate "2007.11.25"]
[SourceVersion "1"]
[SourceVersionDate "2007.11.25"]
[SourceQuality "1"]
[WhiteTeam "Bebenhausen"]
[BlackTeam "Bayern Muenchen"]
[WhiteTeamCountry "GER"]
[BlackTeamCountry "GER"]

1. e4 c5 2. c3 Nf6 3. e5 Nd5 4. d4 cxd4 5. Nf3 e6 6. cxd4 b6 7. Nc3 Nxc3 8. bxc3 Qc7 9. Bd2 Bb7 10. Bd3 d6 11. 0-0 Nd7 12. Ng5 dxe5 13. Qh5 g6 14. Qh3 Bg7 15. Rae1 Bd5 16. f4 exd4 17. c4 Bxc4 18. f5 gxf5 19. Rxf5 Ne5 20. Bxc4 Qxc4 21. Rfxe5 Bxe5 22. Rxe5 Ke7 23. Qa3+ Kd7 24. Nxf7 Raf8 25. Qxa7+ Kc6 26. Re1 Rxf7 27. Qxf7 1-0

[Event "BL2-Sued 0405"]
[Site "Germany"]
[Date "2005.01.16"]
[Round "5.2"]
[White "Klebel, Martin"]
[Black "Schwalfenberg, Joerg"]
[Result "1-0"]
[WhiteElo "2385"]
[BlackElo "2367"]
[PlyCount "61"]
[EventDate "2004.10.24"]
[EventType "team-tourn"]
[EventRounds "9"]
[EventCountry "GER"]
[SourceTitle "EXT 2007"]
[Source "ChessBase"]
[SourceDate "2006.11.23"]
[SourceVersion "1"]
[SourceVersionDate "2006.11.23"]
[SourceQuality "1"]
[WhiteTeam "Bayern Muenchen"]
[BlackTeam "Handschuhsheim"]
[WhiteTeamCountry "GER"]
[BlackTeamCountry "GER"]

1. d4 d5 2. c4 c6 3. Nf3 Nf6 4. e3 e6 5. Nc3 Nbd7 6. Qc2 Bd6 7. b3 0-0 8. Be2 dxc4 9. bxc4 e5 10. 0-0 Re8 11. a4 exd4 12. exd4 Nf8 13. Ba3 Bxa3 14. Rxa3 Ne6 15. Rd1 Nf4 16. c5 N6d5 17. Bf1 Bg4 18. Nxd5 Nxd5 19. Rb1 Qc7 20. Ne5 Nf6 21. Rab3 Rab8 22. Qb2 Re7 23. a5 Bf5 24. Ra1 Be6 25. Bc4 Bxc4 26. Nxc4 Rbe8 27. g3 Re2 28. Rxb7 Qc8 29. Qb3 Qf5 30. Rf1 Nd5 31. Nd6 1-0

[Event "BL2-Sued 0405"]
[Site "Germany"]
[Date "2004.11.14"]
[Round "2.3"]
[White "Klebel, Martin"]
[Black "Mueller, Ralf1111"]
[Result "1-0"]
[WhiteElo "2385"]
[BlackElo "2337"]
[PlyCount "75"]
[EventDate "2004.10.24"]
[EventType "team-tourn"]
[EventRounds "9"]
[EventCountry "GER"]
[SourceTitle "EXT 2007"]
[Source "ChessBase"]
[SourceDate "2006.11.23"]
[SourceVersion "1"]
[SourceVersionDate "2006.11.23"]
[SourceQuality "1"]
[WhiteTeam "Bayern Muenchen"]
[BlackTeam "Schwaebisch Gmuend"]
[WhiteTeamCountry "GER"]
[BlackTeamCountry "GER"]

1. d4 Nf6 2. c4 g6 3. g3 Bg7 4. Bg2 c5 5. Nc3 cxd4 6. Qxd4 Nc6 7. Qd2 Qa5 8. Nf3 0-0 9. 0-0 d6 10. Rb1 Qb4 11. Qd3 Bf5 12. e4 Nxe4 13. Nxe4 d5 14. Qxd5 Rfd8 15. a3 Qb6 16. Be3 Qc7 17. Qb5 Bxe4 18. Rbc1 Qa5 19. Qb3 Qa6 20. c5 Rd3 21. Qc4 Qxc4 22. Rxc4 Bd5 23. Rc2 Bb3 24. Re2 Rad8 25. Nd2 Bd5 26. Bxd5 R8xd5 27. Nc4 Rb3 28. Kg2 e6 29. Rc1 Bf8 30. Rcc2 Bg7 31. Red2 h5 32. h4 Bf6 33. Kf1 Kf8 34. Ke1 Ke8 35. Kd1 Kd7 36. Kc1 Be5 37. Kb1 Nd4 38. Nxe5+ 1-0

[Event "BL2-Sued 0304"]
[Site "Germany"]
[Date "2004.??.??"]
[Round "?.3"]
[White "Mandel, Andreas"]
[Black "Klebel, Martin"]
[Result "1-0"]
[WhiteElo "2395"]
[BlackElo "2375"]
[PlyCount "65"]
[EventDate "2003.10.??"]
[EventType "team-tourn"]
[EventRounds "9"]
[EventCountry "GER"]
[SourceTitle "CBM 100 Extra"]
[Source "ChessBase"]
[SourceDate "2004.07.06"]
[SourceVersion "2"]
[SourceVersionDate "2004.07.06"]
[SourceQuality "1"]
[WhiteTeam "Viernheim"]
[BlackTeam "Bayern Muenchen"]
[WhiteTeamCountry "GER"]
[BlackTeamCountry "GER"]

1. d4 d5 2. c4 c6 3. Nf3 Nf6 4. Nc3 e6 5. Bg5 Nbd7 6. e3 Qa5 7. Nd2 Bb4 8. Qc2 0-0 9. Be2 e5 10. 0-0 exd4 11. Nb3 Qc7 12. Nxd4 dxc4 13. Bxc4 Bd6 14. Nf3 Ng4 15. h3 Nge5 16. Nxe5 Nxe5 17. Bb3 Ng6 18. f4 Qa5 19. Rad1 Bc7 20. Kh1 Kh8 21. f5 Qe5 22. g4 Be6 23. fxe6 Qxg5 24. exf7 Qxe3 25. Rd3 Qh6 26. Ne2 Ne5 27. Rc3 Nxg4 28. Qe4 Ne5 29. Nd4 Rad8 30. Ne6 Rd2 31. Nxc7 Qd6 32. Qf4 Rxf7 33. Bxf7 1-0

[Event "Oberliga Bayern 0203"]
[Site "Bayern"]
[Date "2003.01.26"]
[Round "5.1"]
[White "Janz, Frerik"]
[Black "Klebel, Martin"]
[Result "1/2-1/2"]
[WhiteElo "2382"]
[BlackElo "2374"]
[PlyCount "81"]
[EventDate "2002.10.20"]
[EventType "team"]
[EventRounds "9"]
[EventCountry "GER"]
[SourceTitle "EXT 2004"]
[Source "ChessBase"]
[SourceDate "2003.11.25"]
[SourceVersion "1"]
[SourceVersionDate "2003.11.25"]
[SourceQuality "1"]
[WhiteTeam "Regensburg Fortuna"]
[BlackTeam "Bayern Muenchen"]
[WhiteTeamCountry "GER"]
[BlackTeamCountry "GER"]

1. c4 c6 2. e4 d5 3. exd5 cxd5 4. d4 Nf6 5. Nc3 e6 6. Nf3 Nc6 7. cxd5 Nxd5 8. Bd3 Be7 9. 0-0 0-0 10. Re1 Qd6 11. a3 Rd8 12. Qc2 h6 13. Nxd5 exd5 14. h3 Bf6 15. Be3 Be6 16. Qd2 Qd7 17. Rac1 Rac8 18. Bb5 a6 19. Ba4 Bf5 20. Bf4 b5 21. Bb3 Qa7 22. Rcd1 Qb6 23. Be5 Bxe5 24. Nxe5 Na5 25. Ba2 Rc2 26. Qb4 Nc6 27. Nxc6 Rxc6 28. Rc1 Rg6 29. Re3 Be4 30. f3 Rg3 31. Qe7 Rf8 32. Rxe4 dxe4 33. Bxf7+ Rxf7 34. Rc8+ Kh7 35. Qxf7 Qxd4+ 36. Kh2 Rxg2+ 37. Kxg2 Qd2+ 38. Kg3 Qg5+ 39. Kf2 Qd2+ 40. Kg3 Qg5+ 41. Kf2 1/2-1/2

[Event "BL2-Sued 0304"]
[Site "Germany"]
[Date "2003.??.??"]
[Round "?.3"]
[White "Klebel, Martin"]
[Black "Mann, Christian"]
[Result "0-1"]
[WhiteElo "2375"]
[BlackElo "2440"]
[PlyCount "80"]
[EventDate "2003.10.??"]
[EventType "team-tourn"]
[EventRounds "9"]
[EventCountry "GER"]
[SourceTitle "CBM 100 Extra"]
[Source "ChessBase"]
[SourceDate "2004.07.06"]
[SourceVersion "2"]
[SourceVersionDate "2004.07.06"]
[SourceQuality "1"]
[WhiteTeam "Bayern Muenchen"]
[BlackTeam "Eppingen"]
[WhiteTeamCountry "GER"]
[BlackTeamCountry "GER"]

1. d4 d5 2. c4 Nc6 3. cxd5 Qxd5 4. e3 e5 5. Nc3 Bb4 6. Bd2 Bxc3 7. Bxc3 exd4 8. Ne2 Nf6 9. Nxd4 0-0 10. Qf3 Nxd4 11. Qxd5 Nc2+ 12. Kd2 Nxd5 13. Kxc2 Bf5+ 14. Bd3 Bxd3+ 15. Kxd3 Rfd8 16. Rhd1 Nxc3+ 17. Kxc3 Kf8 18. Rac1 Ke7 19. Rd4 Rxd4 20. Kxd4 Rd8+ 21. Ke4 c6 22. Rc2 Rd1 23. f4 Kd6 24. g4 c5 25. a4 a6 26. h4 b5 27. axb5 axb5 28. b3 Kc6 29. h5 b4 30. h6 gxh6 31. Rh2 Rd6 32. f5 c4 33. bxc4 Kc5 34. Rh1 b3 35. Rc1 b2 36. Rb1 Rb6 37. Kd3 Rb3+ 38. Kc2 Kxc4 39. e4 Rc3+ 40. Kd2 Kb3 0-1

[Event "Oberliga Bayern 0203"]
[Site "Bayern"]
[Date "2002.12.15"]
[Round "3.1"]
[White "Kustar, Sandor"]
[Black "Klebel, Martin"]
[Result "1-0"]
[WhiteElo "2354"]
[BlackElo "2374"]
[PlyCount "105"]
[EventDate "2002.10.20"]
[EventType "team"]
[EventRounds "9"]
[EventCountry "GER"]
[SourceTitle "EXT 2004"]
[Source "ChessBase"]
[SourceDate "2003.11.25"]
[SourceVersion "1"]
[SourceVersionDate "2003.11.25"]
[SourceQuality "1"]
[WhiteTeam "Schwabing"]
[BlackTeam "Bayern Muenchen"]
[WhiteTeamCountry "GER"]
[BlackTeamCountry "GER"]

1. Nf3 d5 2. g3 c6 3. Bg2 Bg4 4. d3 Nd7 5. Nbd2 Ngf6 6. 0-0 e5 7. e4 dxe4 8. dxe4 Bc5 9. Qe1 0-0 10. Nc4 Re8 11. a4 Qc7 12. h3 Bh5 13. b4 Bf8 14. Nh4 Bg6 15. Nxg6 hxg6 16. Bd2 Rad8 17. Qe2 Nb6 18. Ne3 Nc8 19. c4 Nd6 20. f3 Nh5 21. Kh2 f5 22. c5 Nf7 23. exf5 gxf5 24. Nxf5 Qd7 25. Nd6 Bxd6 26. cxd6 Qxd6 27. Rfd1 Qd3 28. Bf1 e4 29. Qxd3 exd3 30. Bc3 Re3 31. Kg2 Ng5 32. h4 Nxf3 33. Kf2 Rde8 34. Rxd3 Rxd3 35. Bxd3 Ne5 36. Rd1 Nxd3+ 37. Rxd3 Nf6 38. Bxf6 gxf6 39. Rd7 b5 40. Kf3 bxa4 41. Rxa7 Rb8 42. Rxa4 Rb5 43. Ke4 Kf7 44. Kd4 Kg6 45. Kc4 Rf5 46. Ra6 Rf3 47. Rxc6 Rxg3 48. b5 Rg4+ 49. Kc5 Rxh4 50. b6 Rh8 51. b7 Rb8 52. Kb6 Kf5 53. Rc8 1-0

[Event "BL2-Sued 0102"]
[Site "Germany"]
[Date "2001.11.25"]
[Round "3.2"]
[White "Klebel, Martin"]
[Black "Hoensch, Matthias"]
[Result "1-0"]
[WhiteElo "2406"]
[BlackElo "2322"]
[PlyCount "77"]
[EventDate "2001.10.07"]
[EventType "team-tourn"]
[EventRounds "9"]
[EventCountry "GER"]
[SourceTitle "CBM 088 Extra"]
[Source "ChessBase"]
[SourceDate "2002.07.01"]
[SourceVersion "2"]
[SourceVersionDate "2002.07.01"]
[SourceQuality "1"]
[WhiteTeam "Bayern Muenchen"]
[BlackTeam "Bebenhausen"]
[WhiteTeamCountry "GER"]
[BlackTeamCountry "GER"]

1. d4 d5 2. c4 e6 3. Nf3 c5 4. e3 Nf6 5. Nc3 Nc6 6. a3 a6 7. dxc5 Bxc5 8. b4 Ba7 9. Bb2 0-0 10. Qc2 Qe7 11. Rd1 Rd8 12. Be2 dxc4 13. Rxd8+ Nxd8 14. Ne4 Nxe4 15. Qxe4 Bd7 16. Bxc4 Rc8 17. 0-0 f5 18. Qd3 Rxc4 19. Qxc4 Bb5 20. Qc8 Bxf1 21. Kxf1 Qd6 22. Be5 Qd1+ 23. Ne1 Qd5 24. Bc7 Bb6 25. Bxb6 Qb5+ 26. Kg1 Qxb6 27. Qd7 h6 28. Nd3 Kh7 29. h4 a5 30. b5 a4 31. h5 Qa5 32. Nf4 Qe1+ 33. Kh2 Qa5 34. Ng6 Qa8 35. Qe7 Qc8 36. Qf8 Qc7+ 37. f4 Nf7 38. Ne7 Qd8 39. Qxf7 1-0

[Event "BL2-Sued 0001"]
[Site "Germany"]
[Date "2001.01.07"]
[Round "4.2"]
[White "Klebel, Martin"]
[Black "Lomineishvili, Maia"]
[Result "1-0"]
[WhiteElo "2410"]
[BlackElo "2376"]
[PlyCount "123"]
[EventDate "2000.10.15"]
[EventType "team-tourn"]
[EventRounds "9"]
[EventCountry "GER"]
[SourceTitle "CBM 082 Extra"]
[Source "ChessBase"]
[SourceDate "2001.07.03"]
[SourceVersion "1"]
[SourceVersionDate "2001.07.03"]
[SourceQuality "1"]
[WhiteTeam "Bayern Muenchen"]
[BlackTeam "Karlsruhe"]
[WhiteTeamCountry "GER"]
[BlackTeamCountry "GER"]

1. d4 Nf6 2. c4 g6 3. Nc3 Bg7 4. e4 d6 5. Nf3 0-0 6. Be2 e5 7. Be3 Ng4 8. Bg5 f6 9. Bh4 Nc6 10. d5 Ne7 11. Nd2 h5 12. b4 a5 13. bxa5 Rxa5 14. h3 Nh6 15. Nb3 Ra8 16. c5 g5 17. Bg3 h4 18. Bh2 Ng6 19. 0-0 f5 20. cxd6 cxd6 21. Nd2 Nf4 22. exf5 Bxf5 23. Nde4 Rc8 24. Bf3 Rc4 25. Qb3 Rd4 26. Bxf4 exf4 27. Rad1 Rxd1 28. Rxd1 Qe7 29. Qb4 Be5 30. Nb5 g4 31. hxg4 Bxg4 32. Bxg4 Nxg4 33. Nd4 h3 34. gxh3 Qh4 35. Nf3 Qxh3 36. Neg5 Qh5 37. Qe4 Nh2 38. Rc1 Nxf3+ 39. Nxf3 Kh8 40. Nxe5 dxe5 41. Kf1 f3 42. Ke1 Qg5 43. Qe3 Qxe3+ 44. fxe3 e4 45. Rc4 Re8 46. Kf2 Kg7 47. d6 b5 48. Rxe4 Rd8 49. Rd4 Kf6 50. a3 Rd7 51. Kxf3 Ke5 52. Ke2 Rxd6 53. Rxd6 Kxd6 54. e4 Ke5 55. Ke3 Ke6 56. Kd4 Kd6 57. e5+ Ke6 58. Ke4 Ke7 59. Kd5 Kd7 60. Kc5 Ke6 61. Kxb5 Kxe5 62. Kc6 1-0

[Event "BL2-Sued 0001"]
[Site "Germany"]
[Date "2000.11.12"]
[Round "2.2"]
[White "Klebel, Martin"]
[Black "Gyimesi, Zoltan"]
[Result "0-1"]
[WhiteElo "2410"]
[BlackElo "2539"]
[PlyCount "102"]
[EventDate "2000.10.15"]
[EventType "team-tourn"]
[EventRounds "9"]
[EventCountry "GER"]
[SourceTitle "CBM 082 Extra"]
[Source "ChessBase"]
[SourceDate "2001.07.03"]
[SourceVersion "1"]
[SourceVersionDate "2001.07.03"]
[SourceQuality "1"]
[WhiteTeam "Bayern Muenchen"]
[BlackTeam "Eppingen"]
[WhiteTeamCountry "GER"]
[BlackTeamCountry "GER"]

1. d4 Nf6 2. c4 e6 3. Nf3 d5 4. Nc3 dxc4 5. e3 a6 6. a4 c5 7. Bxc4 Nc6 8. 0-0 Be7 9. Qe2 0-0 10. Rd1 Qc7 11. h3 Rd8 12. d5 exd5 13. Nxd5 Nxd5 14. Bxd5 Nb4 15. Bc4 Rxd1+ 16. Qxd1 Bf5 17. Bd2 Bf6 18. Bc3 Rd8 19. Qe2 Qe7 20. Bxf6 Qxf6 21. e4 Be6 22. e5 Qe7 23. Rc1 Bd5 24. Bxd5 Rxd5 25. Rc3 h6 26. Re3 Qe6 27. Ne1 Rd4 28. Nc2 Nxc2 29. Qxc2 Qd5 30. e6 fxe6 31. Qg6 Qf5 32. Qe8+ Kh7 33. Rxe6 Rxa4 34. Qxa4 Qxe6 35. Qc2+ Qg6 36. Qxc5 Qb1+ 37. Kh2 Qxb2 38. f4 Qf6 39. f5 b6 40. Qd5 a5 41. Qb5 a4 42. Qxa4 Qxf5 43. Qd4 Qb1 44. h4 b5 45. g4 b4 46. g5 hxg5 47. Qc5 Qb2+ 48. Kh1 Qf6 49. hxg5 Qf3+ 50. Kh2 b3 51. Qd6 Qh5+ 0-1